LEADER 01868 am 2200445 n 450 001 9910136767203321 005 20160425 010 $a2-8218-6870-7 024 7 $a10.4000/books.oep.1635 035 $a(CKB)3710000000651833 035 $a(FrMaCLE)OB-oep-1635 035 $a(oapen)https://directory.doabooks.org/handle/20.500.12854/62662 035 $a(PPN)194304604 035 $a(EXLCZ)993710000000651833 100 $a20160429j|||||||| ||| 0 101 0 $aeng 135 $auu||||||m|||| 181 $ctxt$2rdacontent 182 $cc$2rdamedia 183 $acr$2rdacarrier 200 10$aWhite Paper ? Open Science in a Digital Republic /$fScientific and Technical Information Department - CNRS 210 $aMarseille $cOpenEdition Press$d2016 330 $aAt a time when the Digital Republic Bill is proposing to insert provisions relating to open access in the French Research Code, the French National Centre for Scientific Research (CNRS), alongside its partners in the ISTEX project, as well as a large number of researchers and actors in the field of public research, are offering via this White Paper the results of their deliberations and analyses.For several years now, the scientific community involved in public research has been arguing for t... 606 $aHumanities, Multidisciplinary 606 $aopen access 606 $aopen data 606 $aopen science 610 $aopen access 610 $aopen science 610 $aopen data 615 4$aHumanities, Multidisciplinary 615 4$aopen access 615 4$aopen data 615 4$aopen science 700 $aScientific and Technical Information Department - CNRS$01281485 801 0$bFR-FrMaCLE 906 $aBOOK 912 $a9910136767203321 996 $aWhite Paper ? Open Science in a Digital Republic$93019349 997 $aUNINA